Microwave measurement (Record no. 193970)

MARC details
000 -LEADER
fixed length control field 00515nam a2200181Ia 4500
005 - DATE AND TIME OF LATEST TRANSACTION
control field 20250527095121.0
008 - FIXED-LENGTH DATA ELEMENTS--GENERAL INFORMATION
fixed length control field 231217s9999 xx 000 0 und d
020 ## - INTERNATIONAL STANDARD BOOK NUMBER
International Standard Book Number 9780863417351
082 ## - DEWEY DECIMAL CLASSIFICATION NUMBER
Classification number 621.3813 COL;1 R
100 ## - MAIN ENTRY--PERSONAL NAME
Personal name Collier, R J. Skinner, A D. ed.
245 #0 - TITLE STATEMENT
Title Microwave measurement
250 ## - EDITION STATEMENT
Edition statement 3rd ed.
260 ## - PUBLICATION, DISTRIBUTION, ETC. (IMPRINT)
Date of publication, distribution, etc. 2007
Name of publisher, distributor, etc. Institution of engineering technology
Place of publication, distribution, etc. Londan
300 ## - PHYSICAL DESCRIPTION
Extent xx, 484
650 ## - SUBJECT ADDED ENTRY--TOPICAL TERM
Topical term or geographic name as entry element Microwave,measurement
942 ## - ADDED ENTRY ELEMENTS (KOHA)
Koha item type Books
400 ## - SERIES STATEMENT/ADDED ENTRY--PERSONAL NAME [OBSOLETE, CAN/MARC], [LOCAL, USA]
Personal name IET electrical measurement series12
Holdings
Date last seen Total Checkouts Full call number Accession number Old discount Uniform Resource Identifier Cost, replacement price Price effective from Category Lost status Damaged status Department Withdrawn status bill no. bill date Permanent Location Current Location Shelving location Entry date Vendor Cost, normal purchase price Grants Currency symbol Conversion rate Discount Discount type
26/01/2024   621.3813 COL;1 R 82376 25 digital/contents/82376.pdf 1496.25 26/01/2024 Books     Central Library   BR-666/12 12/03/2018 Central Library Central Library Central Library 04/12/2012 Royal Biblioman 1995.00 TC RS 1 498.75 Rupees

© For any Suggestions or Query, please contact the library staff @ librarian@pes.edu or Phone: +9180 2672 1983/ 2108.